书目信息 |
| 题名: |
闲聊英语
|
|
| 作者: | 张宏 著 | |
| 分册: | ||
| 出版信息: | 合肥 中国科学技术大学出版社 2004.11 |
|
| 页数: | 8, 327页 | |
| 开本: | 21cm | |
| 丛书名: | ||
| 单 册: | ||
| 中图分类: | H31 | |
| 科图分类: | ||
| 主题词: | 英语--自学参考资料 | |
| 电子资源: | ||
| ISBN: | 7-312-01745-2 | |
| 000 | 00836nam0 2200241 450 | |
| 001 | 010269033898 | |
| 005 | 20050915152738.85 | |
| 010 | @a7-312-01745-2@dCNY16.80 | |
| 100 | @a20050615d2004 km y0chiy0120 ea | |
| 101 | 0 | @achi@aeng |
| 102 | @aCN@b340000 | |
| 105 | @ay z 000yy | |
| 200 | 1 | @a闲聊英语@Axian liao ying yu@f张宏著@Fzhang hong zhu |
| 210 | @a合肥@c中国科学技术大学出版社@d2004.11 | |
| 215 | @a8, 327页@d21cm | |
| 314 | @a张宏,北京人,高级工程师电子工业出版社计算机图书部顾问。 | |
| 330 | @a本书是一本关于英语的自学参考资料,其内容包括:一句话的6个隐含意思,怎样与外国人搭话,美国大学生常犯的十大语法错误等。 | |
| 333 | @a英语爱好者,高等院校相关专业学生,普通读者。 | |
| 606 | 0 | @a英语@j自学参考资料 |
| 690 | @aH31@v4 | |
| 701 | 0 | @a张宏@Azhang hong@4著 |
| 801 | 0 | @aCN@bQSSK@c20050915 |
| 905 | @a10447@dH31@eZ112 | |
| 闲聊英语/张宏著.-合肥:中国科学技术大学出版社,2004.11 |
| 8, 327页;21cm |
| 使用对象:英语爱好者,高等院校相关专业学生,普通读者。 |
| ISBN 7-312-01745-2:CNY16.80 |
| 本书是一本关于英语的自学参考资料,其内容包括:一句话的6个隐含意思,怎样与外国人搭话,美国大学生常犯的十大语法错误等。 |
| ● |
| 相关链接 |
|
|
|
正题名:闲聊英语
索取号:H31/Z112
 
预约/预借
| 序号 | 登录号 | 条形码 | 馆藏地/架位号 | 状态 | 备注 |
| 1 | 565023 | 205650231 | 语言库209/209语言库 90排2列3层/ [索取号:H31/Z112] | 在馆 | |
| 2 | 565024 | 205650240 | 语言库209/209语言库 90排2列3层/ [索取号:H31/Z112] | 在馆 | |
| 3 | 565025 | 205650259 | 语言库209/209语言库 90排2列3层/ [索取号:H31/Z112] | 在馆 |